000 00492pab a2200169 454500
008 180718b2005 xxu||||| |||| 00| 0 eng d
100 _aRanganathan, V.
245 _aDetermining T&D losses in India: their impact on distribution privatisation and regulation
260 _c2005
300 _ap.657-68.
362 _a12 Feb
650 _aPrivatization - India
650 _aPower industry - India
650 _aPower industry
773 _aEconomic and Political Weekly
909 _a64360
999 _c64360
_d64360